[Event "Canadian Open ch 2007"]
[Site "Ottawa CAN"]
[Date "2007.07.08"]
[Round "3"]
[White "Brown, Gabriel"]
[Black "Predescu, Sebastian"]
[Result "0-1"]
[WhiteElo "1937"]
[BlackElo "2317"]
[PlyCount "60"]
[EventDate "2007.07.07"]
[EventType "swiss"]
[EventRounds "9"]
[EventCountry "CAN"]
[Source "lmi"]
[SourceDate "2007.07.07"]

1. c4 g6 2. g3 Bg7 3. Bg2 d6 4. Nc3 c5 5. e4 Nc6 6. Nge2 e6 7. O-O Nge7 8. d3
O-O 9. Be3 Nd4 10. f4 f5 11. Rb1 Nec6 12. a3 a5 13. Bxd4 cxd4 14. Nb5 e5 15.
fxe5 dxe5 16. c5 Be6 17. Nd6 Qc7 18. b4 axb4 19. axb4 Nxb4 20. exf5 gxf5 21.
Nxb7 Nd5 22. Bxd5 Bxd5 23. Nd6 Qd7 24. Qc1 Ra2 25. Rb2 Bh6 26. Qxh6 Rxb2 27.
Qg5+ Qg7 28. Rxf5 Rb1+ 29. Nc1 Qxg5 30. Rxg5+ Kh8 0-1

[Event "Canadian Open ch 2007"]
[Site "Ottawa CAN"]
[Date "2007.07.08"]
[Round "3"]
[White "Henry, Liam"]
[Black "Pagayatan, Noel"]
[Result "1-0"]
[WhiteElo "2314"]
[BlackElo "1931"]
[PlyCount "51"]
[EventDate "2007.07.07"]
[EventType "swiss"]
[EventRounds "9"]
[EventCountry "CAN"]
[Source "lmi"]
[SourceDate "2007.07.07"]

1. e4 e5 2. Nf3 Nc6 3. Bb5 a6 4. Ba4 Nf6 5. O-O Be7 6. Re1 b5 7. Bb3 O-O 8. a4
Bb7 9. d3 d6 10. Nbd2 Nb8 11. Nf1 Nbd7 12. axb5 axb5 13. Rxa8 Bxa8 14. Ne3 Nc5
15. Ba2 Nfd7 16. Nf5 Bf6 17. g4 Ne6 18. g5 Be7 19. h4 Re8 20. Kh2 Ndf8 21. Rg1
Bb7 22. h5 Qd7 23. N3h4 Bc8 24. g6 Bxh4 25. gxf7+ Qxf7 26. Nh6+ 1-0

[Event "Canadian Open ch 2007"]
[Site "Ottawa CAN"]
[Date "2007.07.08"]
[Round "3"]
[White "Rachar, Sean"]
[Black "Dougherty, Michael"]
[Result "1-0"]
[WhiteElo "1898"]
[BlackElo "2307"]
[PlyCount "43"]
[EventDate "2007.07.07"]
[EventType "swiss"]
[EventRounds "9"]
[EventCountry "CAN"]
[Source "lmi"]
[SourceDate "2007.07.07"]

1. d4 d5 2. c4 dxc4 3. e4 Nc6 4. Nf3 Bg4 5. Bxc4 e5 6. Qb3 Bb4+ 7. Bd2 Bxd2+ 8.
Nbxd2 Qd7 9. Bb5 Bxf3 10. Nxf3 exd4 11. Ne5 Nxe5 12. Bxd7+ Nxd7 13. Qxb7 Rb8
14. Qxc7 Ngf6 15. Qxa7 d3 16. O-O O-O 17. f3 Rxb2 18. Rf2 Rbb8 19. Rd2 Ne5 20.
Rc1 g5 21. Qe7 Nfd7 22. Rc7 1-0

[Event "Canadian Open ch 2007"]
[Site "Ottawa CAN"]
[Date "2007.07.09"]
[Round "4"]
[White "Miton, Kamil"]
[Black "Ernst, Sipke"]
[Result "1/2-1/2"]
[WhiteElo "2653"]
[BlackElo "2554"]
[PlyCount "126"]
[EventDate "2007.07.07"]
[EventType "swiss"]
[EventRounds "9"]
[EventCountry "CAN"]
[Source "lmi"]
[SourceDate "2007.07.07"]

1. d4 f5 2. c4 Nf6 3. Nc3 d6 4. Nf3 g6 5. g3 Bg7 6. Bg2 O-O 7. d5 Qe8 8. O-O a5
9. Be3 Na6 10. Qd2 Ng4 11. Bf4 Nc5 12. Nd4 Bd7 13. Nb3 b6 14. Nd4 Rc8 15. b3
Qf7 16. Rad1 Qf6 17. Qc1 Qf7 18. Ncb5 Kh8 19. Na7 Rce8 20. Nab5 Rc8 21. h4 Nf6
22. Bf3 Nfe4 23. Kg2 Bf6 24. Qc2 Bg7 25. Rh1 h5 26. Bc1 Kh7 27. e3 Nf6 28. Bb2
Ng4 29. Rhf1 Be5 30. Nc3 Bg7 31. Nce2 e5 32. dxe6 Nxe6 33. Nxe6 Bxe6 34. Nf4
Bd7 35. Bxg7 Kxg7 36. Qc3+ Kh6 37. Qd2 Kg7 38. c5 bxc5 39. Qxa5 Ne5 40. Bd5 Bc6
41. e4 Bxd5 42. exd5 Ra8 43. Qc3 Kg8 44. Rd2 Rfb8 45. Re1 c4 46. bxc4 Ra4 47.
c5 Rc4 48. Qa3 Rbb4 49. cxd6 cxd6 50. Rb2 Rxb2 51. Qxb2 Rxf4 52. Qb8+ Kh7 53.
Qxd6 Rxf2+ 54. Kxf2 Nd3+ 55. Kf1 Nxe1 56. Kxe1 Qa7 57. Qe5 Qxa2 58. d6 Qb1+ 59.
Kd2 Qa2+ 60. Kd3 Qb3+ 61. Kd4 Qb2+ 62. Kd5 Qb5+ 63. Ke6 Qe8+ 1/2-1/2

[Event "Canadian Open ch 2007"]
[Site "Ottawa CAN"]
[Date "2007.07.09"]
[Round "4"]
[White "Bluvshtein, Mark"]
[Black "Mikhalevski, Victor"]
[Result "1/2-1/2"]
[WhiteElo "2520"]
[BlackElo "2590"]
[PlyCount "67"]
[EventDate "2007.07.07"]
[EventType "swiss"]
[EventRounds "9"]
[EventCountry "CAN"]
[Source "lmi"]
[SourceDate "2007.07.07"]

1. e4 e5 2. Nf3 Nc6 3. Bb5 a6 4. Ba4 Nf6 5. O-O Nxe4 6. d4 b5 7. Bb3 d5 8. dxe5
Be6 9. Nbd2 Nc5 10. c3 d4 11. Ng5 Qxg5 12. Qf3 O-O-O 13. Bxe6+ fxe6 14. Qxc6
Qxe5 15. b4 Qd5 16. Qxd5 exd5 17. bxc5 dxc3 18. Nb3 d4 19. Ba3 g6 20. Bb4 Bg7
21. a4 d3 22. axb5 d2 23. bxa6 c2 24. Nxd2 Bxa1 25. Rxa1 Rhe8 26. Rc1 Re4 27.
Bc3 Rc4 28. Rxc2 Rd3 29. Rb2 Rcxc3 30. a7 Ra3 31. Rb8+ Kd7 32. a8=Q Rxa8 33.
Rxa8 Rxd2 34. g3 1/2-1/2

[Event "Canadian Open ch 2007"]
[Site "Ottawa CAN"]
[Date "2007.07.09"]
[Round "4"]
[White "Atalik, Suat"]
[Black "Yermolinsky, Alex"]
[Result "1/2-1/2"]
[WhiteElo "2586"]
[BlackElo "2511"]
[PlyCount "40"]
[EventDate "2007.07.07"]
[EventType "swiss"]
[EventRounds "9"]
[EventCountry "CAN"]
[Source "lmi"]
[SourceDate "2007.07.07"]

1. e4 c5 2. Nf3 e6 3. d4 cxd4 4. Nxd4 a6 5. Nc3 b5 6. Bd3 Qb6 7. Nf3 Nc6 8. e5
Qb8 9. O-O Nge7 10. Qe2 Ng6 11. Re1 Be7 12. a4 b4 13. Nb1 Bb7 14. Nbd2 Nf4 15.
Qe3 Nxd3 16. Qxd3 d6 17. exd6 Qxd6 18. Qxd6 Bxd6 19. Nc4 Bc7 20. b3 O-O 1/2-1/2

[Event "Canadian Open ch 2007"]
[Site "Ottawa CAN"]
[Date "2007.07.09"]
[Round "4"]
[White "Shomoev, Anton"]
[Black "Sambuev, Bator"]
[Result "1/2-1/2"]
[WhiteElo "2551"]
[BlackElo "2480"]
[PlyCount "111"]
[EventDate "2007.07.07"]
[EventType "swiss"]
[EventRounds "9"]
[EventCountry "CAN"]
[Source "lmi"]
[SourceDate "2007.07.07"]

1. e4 e5 2. Nf3 Nc6 3. Bb5 a6 4. Ba4 Nf6 5. d3 b5 6. Bb3 Be7 7. O-O O-O 8. a4
b4 9. Nbd2 d5 10. exd5 Nxd5 11. Re1 Bg4 12. h3 Bh5 13. g4 Bg6 14. Nxe5 Nxe5 15.
Rxe5 c6 16. Nc4 Kh8 17. Qf3 Bf6 18. Re2 Bd4 19. Ne5 Bxe5 20. Rxe5 f5 21. g5 Re8
22. Rxe8+ Qxe8 23. Bd2 Bh5 24. Qxf5 Qe2 25. Bxd5 Qxd2 26. Bxc6 Bg6 27. Qe5 Rf8
28. Rf1 Qxc2 29. Be4 Re8 30. Qd6 Bxe4 31. Re1 Qxb2 32. Rxe4 Rg8 33. Rxb4 Qc1+
34. Kg2 Qxg5+ 35. Rg4 Qa5 36. Qc6 Rf8 37. Qb7 Qe5 38. Qxa6 h5 39. Re4 Qg5+ 40.
Kf1 Qd2 41. f4 Rb8 42. Qe6 Rb1+ 43. Re1 Qxf4+ 44. Kg2 Qd2+ 45. Re2 Qg5+ 46. Kf3
Rf1+ 47. Rf2 Rxf2+ 48. Kxf2 Qd2+ 49. Qe2 Qf4+ 50. Kg2 Qg5+ 51. Kf2 Qc5+ 52. Qe3
Qc2+ 53. Kg3 Qxa4 54. Qe5 h4+ 55. Kf2 Qd7 56. Qh5+ 1/2-1/2

[Event "Canadian Open ch 2007"]
[Site "Ottawa CAN"]
[Date "2007.07.09"]
[Round "4"]
[White "Kunte, Abhijit"]
[Black "Henry, Liam"]
[Result "1/2-1/2"]
[WhiteElo "2532"]
[BlackElo "2314"]
[PlyCount "75"]
[EventDate "2007.07.07"]
[EventType "swiss"]
[EventRounds "9"]
[EventCountry "CAN"]
[Source "lmi"]
[SourceDate "2007.07.07"]

1. d4 Nf6 2. c4 g6 3. g3 Bg7 4. Bg2 O-O 5. Nc3 d6 6. Nf3 Nc6 7. O-O Bf5 8. h3
Ne4 9. Nd5 Bd7 10. b3 e6 11. Ne3 Nc3 12. Qd2 Nxd4 13. Nxd4 Bxd4 14. Bb2 Qf6 15.
Nd1 Nxd1 16. Qxd4 Qxd4 17. Bxd4 e5 18. Bxe5 dxe5 19. Raxd1 Bc8 20. f4 exf4 21.
gxf4 c6 22. e4 f6 23. Rd6 Kf7 24. c5 Ke7 25. Rfd1 Be6 26. f5 gxf5 27. exf5 Bxf5
28. Rf1 Bc8 29. Kh2 Bd7 30. Re1+ Kd8 31. Bf3 Rf7 32. Bh5 Re7 33. Rf1 f5 34.
Rxf5 Kc7 35. Rf4 Rg8 36. Bg4 Bxg4 37. hxg4 Rg5 38. b4 1/2-1/2

[Event "Canadian Open ch 2007"]
[Site "Ottawa CAN"]
[Date "2007.07.09"]
[Round "4"]
[White "Predescu, Sebastian"]
[Black "Likavsky, Tomas"]
[Result "0-1"]
[WhiteElo "2317"]
[BlackElo "2485"]
[PlyCount "82"]
[EventDate "2007.07.07"]
[EventType "swiss"]
[EventRounds "9"]
[EventCountry "CAN"]
[Source "lmi"]
[SourceDate "2007.07.07"]

1. e4 e6 2. d4 d5 3. e5 c5 4. c3 Qb6 5. Nf3 Nc6 6. a3 Nh6 7. b4 cxd4 8. cxd4
Nf5 9. Be3 f6 10. exf6 gxf6 11. Nc3 Nxe3 12. fxe3 Bg7 13. Be2 O-O 14. O-O Ne7
15. Kh1 Bd7 16. Na4 Bxa4 17. Qxa4 Nf5 18. Bd3 Nxe3 19. Rfe1 Ng4 20. Ra2 f5 21.
Qd7 Rae8 22. Rc2 Nf6 23. Qc7 Ne4 24. Qxb6 axb6 25. Bb5 Re7 26. Rec1 Nd6 27. a4
Bf6 28. Kg1 Rff7 29. Kf2 Rg7 30. h3 h6 31. Bd3 Bg5 32. Nxg5 hxg5 33. Kf3 Kf7
34. Rh1 Kf6 35. Rhc1 g4+ 36. Kf4 gxh3 37. gxh3 Rh7 38. Bf1 Reg7 39. Rc3 Rh4+
40. Ke3 Rg3+ 41. Ke2 Rxc3 0-1

[Event "Canadian Open ch 2007"]
[Site "Ottawa CAN"]
[Date "2007.07.09"]
[Round "4"]
[White "Reprintsev, Alexander"]
[Black "Yuan, Yuanling"]
[Result "1-0"]
[WhiteElo "2410"]
[BlackElo "2100"]
[PlyCount "155"]
[EventDate "2007.07.07"]
[EventType "swiss"]
[EventRounds "9"]
[EventCountry "CAN"]
[Source "lmi"]
[SourceDate "2007.07.07"]

1. e4 c5 2. b3 Nc6 3. Bb2 e5 4. f4 exf4 5. Qf3 Nd4 6. Bxd4 cxd4 7. Qxf4 Qf6 8.
g3 Bd6 9. Qxf6 Nxf6 10. Bg2 O-O 11. Ne2 Re8 12. d3 Bb4+ 13. Nd2 d5 14. a3 Bc3
15. O-O-O Bg4 16. Rde1 Bxe2 17. Rxe2 dxe4 18. Bxe4 Nxe4 19. Nxe4 Ba5 20. b4 Bc7
21. Rhe1 Red8 22. Nc5 b6 23. Na6 Bd6 24. Re4 Bf8 25. Nc7 Rac8 26. Nb5 a5 27.
bxa5 bxa5 28. a4 Bc5 29. Rf1 Rd5 30. g4 Rcd8 31. Kb2 Kf8 32. Kb3 Bb6 33. Ref4
R5d7 34. Rf5 Rc8 35. Rxf7+ Rxf7 36. Rxf7+ Kxf7 37. Nd6+ Ke6 38. Nxc8 Bc7 39. h3
Kd5 40. Ne7+ Kc5 41. Nf5 g6 42. Nh4 Kd5 43. Nf3 Bf4 44. c3 dxc3 45. Kxc3 Bh6
46. Nd2 Bg7+ 47. Kb3 Bf6 48. Nc4 Bd8 49. Kc3 Bf6+ 50. Kd2 Bd8 51. Kc3 Bf6+ 52.
d4 Bxd4+ 53. Kd3 Bf6 54. Nxa5 Kc5 55. Nb3+ Kb4 56. a5 Kb5 57. Ke4 h5 58. Kd5
hxg4 59. hxg4 Bh4 60. Ke6 Bd8 61. Kf7 g5 62. Kg6 Be7 63. Nd4+ Ka6 64. Nc6 Bc5
65. Kxg5 Kb5 66. Ne5 Be7+ 67. Kf5 Bh4 68. Nf3 Bd8 69. Nd4+ Ka6 70. Nb3 Be7 71.
g5 Bb4 72. g6 Bc3 73. Ke6 Kb5 74. Kf7 Ka6 75. g7 Bxg7 76. Kxg7 Kb5 77. Kf6 Ka6
78. Ke5 1-0

[Event "Canadian Open ch 2007"]
[Site "Ottawa CAN"]
[Date "2007.07.09"]
[Round "4"]
[White "Cheng, Bindi"]
[Black "Atalik, Ekaterina"]
[Result "0-1"]
[WhiteElo "2217"]
[BlackElo "2374"]
[PlyCount "62"]
[EventDate "2007.07.07"]
[EventType "swiss"]
[EventRounds "9"]
[EventCountry "CAN"]
[Source "lmi"]
[SourceDate "2007.07.07"]

1. d4 Nf6 2. Nf3 e6 3. e3 c5 4. Bd3 b6 5. O-O Bb7 6. c4 Nc6 7. Nc3 d5 8. cxd5
Nxd5 9. Nxd5 Qxd5 10. e4 Qd8 11. Bg5 f6 12. Be3 cxd4 13. Nxd4 Nxd4 14. Bxd4 Kf7
15. Bc3 Bc5 16. Qh5+ g6 17. Qh3 Qe7 18. Rac1 Rac8 19. a3 e5 20. Qh6 Qe6 21. Kh1
Bf8 22. Qh4 Bd6 23. Rce1 Kg7 24. Qg3 a5 25. Bb5 Rc7 26. Qe3 Bc5 27. Qg3 Rd8 28.
f4 Bd4 29. fxe5 Qxe5 30. Rd1 Rc5 31. a4 Qxg3 0-1

[Event "Canadian Open ch 2007"]
[Site "Ottawa CAN"]
[Date "2007.07.09"]
[Round "4"]
[White "de la Paz, Frank"]
[Black "Zhou, Haonan"]
[Result "1-0"]
[WhiteElo "2479"]
[BlackElo "1948"]
[PlyCount "115"]
[EventDate "2007.07.07"]
[EventType "swiss"]
[EventRounds "9"]
[EventCountry "CAN"]
[Source "lmi"]
[SourceDate "2007.07.07"]

1. e4 e6 2. d4 d5 3. Nd2 Nf6 4. e5 Nfd7 5. c3 c5 6. Bd3 Nc6 7. Ne2 Qb6 8. Nf3
cxd4 9. cxd4 f6 10. exf6 Nxf6 11. O-O Bd6 12. Nc3 O-O 13. Bg5 Bd7 14. Rc1 Kh8
15. Na4 Qa5 16. Nc5 Bxc5 17. Rxc5 Qb6 18. Be3 Rac8 19. Ng5 h6 20. Nf3 Ne7 21.
Qc1 Kg8 22. Bf4 Ne4 23. Bc7 Qb4 24. Bxe4 dxe4 25. Ne5 Bb5 26. Rd1 b6 27. Bd6
bxc5 28. Bxe7 Rf5 29. a3 Qb3 30. Re1 Bd3 31. Bxc5 Rxc5 32. Qxc5 Qxb2 33. f3 Qd2
34. Qc1 Qa2 35. Qe3 Rg5 36. Qf2 Qxf2+ 37. Kxf2 Rf5 38. Ke3 Ba6 39. fxe4 Rf1 40.
Rxf1 Bxf1 41. g3 Kf8 42. a4 a6 43. Kf2 Bh3 44. Nc6 Bg4 45. a5 Ke8 46. Nb4 Kd7
47. Ke3 g5 48. Nxa6 Kc6 49. Nb4+ Kb5 50. a6 Kb6 51. d5 exd5 52. exd5 Bc8 53.
Kd4 h5 54. d6 h4 55. Ke5 Bd7 56. Kf6 hxg3 57. hxg3 g4 58. Ke7 1-0

[Event "Canadian Open ch 2007"]
[Site "Ottawa CAN"]
[Date "2007.07.09"]
[Round "4"]
[White "Ivkov, Borislav"]
[Black "Rachar, Sean"]
[Result "1-0"]
[WhiteElo "2430"]
[BlackElo "1898"]
[PlyCount "57"]
[EventDate "2007.07.07"]
[EventType "swiss"]
[EventRounds "9"]
[EventCountry "CAN"]
[Source "lmi"]
[SourceDate "2007.07.07"]

1. Nf3 d5 2. g3 g6 3. Bg2 Bg7 4. O-O Nf6 5. d4 O-O 6. c4 c6 7. b3 Nbd7 8. Bb2
Ne4 9. Nbd2 Ndf6 10. Rc1 Bh6 11. Ra1 Nxd2 12. Nxd2 Qa5 13. e3 Ng4 14. Qe2 dxc4
15. Nxc4 Qh5 16. h3 Nf6 17. Qxh5 Nxh5 18. Na5 Nf6 19. a4 Be6 20. Ba3 Nd5 21.
Nxb7 Rfb8 22. Na5 Nxe3 23. fxe3 Bxe3+ 24. Kh2 Bxd4 25. Rad1 c5 26. Nc6 Rxb3 27.
Nxd4 cxd4 28. Bxa8 Rxa3 29. Rxd4 1-0

[Event "Canadian Open ch 2007"]
[Site "Ottawa CAN"]
[Date "2007.07.09"]
[Round "4"]
[White "Kuryliw, Ray"]
[Black "Rensch, Daniel"]
[Result "0-1"]
[WhiteElo "2165"]
[BlackElo "2384"]
[PlyCount "68"]
[EventDate "2007.07.07"]
[EventType "swiss"]
[EventRounds "9"]
[EventCountry "CAN"]
[Source "lmi"]
[SourceDate "2007.07.07"]

1. e4 c5 2. Nc3 Nc6 3. Bb5 Nd4 4. Bc4 g6 5. Nge2 Bg7 6. Nxd4 cxd4 7. Ne2 Nf6 8.
d3 d5 9. exd5 Nxd5 10. O-O O-O 11. Ng3 e5 12. Bd2 h6 13. a3 Be6 14. Bb4 Re8 15.
Bb5 Bd7 16. Bxd7 Qxd7 17. Bd2 Rac8 18. f4 exf4 19. Bxf4 Re6 20. Rf2 Ne3 21. Qf3
Nxc2 22. Rc1 Rec6 23. Rcf1 f5 24. Ne2 Re8 25. Qh3 Ne3 26. Bxh6 Nxf1 27. Bxg7
Qxg7 28. Kxf1 Qe5 29. g4 Qe3 30. Qxe3 dxe3 31. Rf4 Rf8 32. gxf5 Rxf5 33. Rxf5
gxf5 34. Nd4 Rd6 0-1

[Event "Canadian Open ch 2007"]
[Site "Ottawa CAN"]
[Date "2007.07.09"]
[Round "4"]
[White "Demmery, Steve"]
[Black "Hua, Lefong"]
[Result "0-1"]
[WhiteElo "2124"]
[BlackElo "2323"]
[PlyCount "158"]
[EventDate "2007.07.07"]
[EventType "swiss"]
[EventRounds "9"]
[EventCountry "CAN"]
[Source "lmi"]
[SourceDate "2007.07.07"]

1. d4 Nf6 2. c4 c5 3. d5 e6 4. Nc3 exd5 5. cxd5 d6 6. Bf4 g6 7. e4 a6 8. a4 Bg7
9. Be2 O-O 10. Nf3 Bg4 11. O-O Bxf3 12. Bxf3 Qe7 13. a5 Nbd7 14. Na4 h5 15. h3
Ne8 16. Qb3 Rb8 17. Rac1 Nc7 18. Nc3 b5 19. axb6 Rxb6 20. Qc2 Rfb8 21. Rb1 Bd4
22. Be2 Qf6 23. Bd2 R6b7 24. Kh1 Ne5 25. Qc1 Nd7 26. Bg5 Qe5 27. Bf4 Qe7 28.
Bg5 Qe8 29. Qc2 Nb5 30. Bxb5 axb5 31. Ne2 Bg7 32. f4 Bf6 33. Bxf6 Nxf6 34. Ng3
h4 35. e5 dxe5 36. fxe5 Qxe5 37. Rxf6 Qxf6 38. Rf1 Qd4 39. Ne4 Re7 40. Nf6+ Kg7
41. Qc1 Rb6 42. Ng4 Qxd5 43. Qh6+ Kg8 44. Qxh4 Ree6 45. Nh6+ Kf8 46. Nxf7 Ke8
47. Qh8+ Ke7 48. Qg7 Qd4 49. Qh7 Kd7 50. Ne5+ Kd6 51. Nxg6 Qd3 52. Rf7 Qxg6 53.
Rd7+ Kc6 54. Rc7+ Kd5 55. Qd7+ Red6 56. Qc8 Kd4 57. Qh8+ Qf6 58. Qh5 Qf1+ 59.
Kh2 Qf4+ 60. Kh1 Qf1+ 61. Kh2 Qf4+ 62. Kh1 Qe5 63. Qd1+ Kc4 64. Qc2+ Kb4 65.
Re7 Rd1+ 66. Qxd1 Qxe7 67. Qd2+ Kc4 68. b3+ Kxb3 69. Qd3+ Kb4 70. Qb1+ Kc4 71.
Qa2+ Kd4 72. Qa1+ Kd5 73. Qa8+ Kd6 74. Qa5 Kc7 75. Qa7+ Rb7 76. Qa5+ Kb8 77.
Kg1 b4 78. h4 Qe1+ 79. Kh2 Qxh4+ 0-1

[Event "Canadian Open ch 2007"]
[Site "Ottawa CAN"]
[Date "2007.07.09"]
[Round "4"]
[White "Mattson, Dane"]
[Black "Thavandiran, Shiyam"]
[Result "1/2-1/2"]
[WhiteElo "2038"]
[BlackElo "2269"]
[PlyCount "120"]
[EventDate "2007.07.07"]
[EventType "swiss"]
[EventRounds "9"]
[EventCountry "CAN"]
[Source "lmi"]
[SourceDate "2007.07.07"]

1. Nf3 Nf6 2. c4 e6 3. g3 b6 4. Bg2 Bb7 5. O-O c5 6. b3 d6 7. Bb2 Nbd7 8. Nc3
Be7 9. e3 a6 10. Qe2 O-O 11. Rfd1 Re8 12. d4 Rc8 13. Rac1 Qc7 14. a4 cxd4 15.
exd4 Qb8 16. Re1 a5 17. Qd1 Qa8 18. Ba3 d5 19. Bxe7 Rxe7 20. Ne5 dxc4 21. Bxb7
Qxb7 22. Nxc4 Rd8 23. Nd6 Qb8 24. Nc4 Qb7 25. Nd6 Qb8 26. Ncb5 Nd5 27. Qf3 N7f6
28. Nc4 Ree8 29. Ne5 Rc8 30. Nc4 Red8 31. Ne5 Re8 32. Nc4 Red8 33. Ne5 Nb4 34.
Rc4 Rxc4 35. Nxc4 h6 36. Rd1 Nfd5 37. Ne5 f6 38. Nc4 Qb7 39. Qe4 Qd7 40. Re1
Re8 41. Ncd6 Re7 42. Rc1 Nc6 43. Rc4 f5 44. Qf3 Kh7 45. Qd3 g6 46. h4 Rg7 47.
Rc1 Ndb4 48. Qc4 h5 49. Re1 Re7 50. Rd1 Nd5 51. Re1 Ndb4 52. Rd1 Nd5 53. Re1
Rg7 54. Rd1 g5 55. Qe2 g4 56. Re1 Re7 57. Qd2 Rg7 58. Qe2 Re7 59. Qd2 Rg7 60.
Qe2 Re7 1/2-1/2

[Event "Canadian Open ch 2007"]
[Site "Ottawa CAN"]
[Date "2007.07.09"]
[Round "4"]
[White "Hambleton, Aman"]
[Black "Vul, Arkady"]
[Result "0-1"]
[WhiteElo "2113"]
[BlackElo "2324"]
[PlyCount "60"]
[EventDate "2007.07.07"]
[EventType "swiss"]
[EventRounds "9"]
[EventCountry "CAN"]
[Source "lmi"]
[SourceDate "2007.07.07"]

1. d4 d5 2. c4 e6 3. Nc3 c6 4. Nf3 Nf6 5. Bg5 Nbd7 6. e3 Qa5 7. Bxf6 Nxf6 8.
Bd3 Bb4 9. Qb3 c5 10. O-O cxd4 11. exd4 O-O 12. cxd5 Bxc3 13. dxe6 Bb4 14.
exf7+ Kh8 15. Ne5 Bd6 16. Rfe1 Qb4 17. Bxh7 Qxb3 18. Ng6+ Kxh7 19. Nxf8+ Bxf8
20. axb3 Bd7 21. Re5 Kg6 22. h3 Kxf7 23. g4 Bd6 24. f4 Bxe5 25. dxe5 Nxg4 26.
hxg4 Bxg4 27. Kf2 a6 28. Rc1 Rc8 29. Rxc8 Bxc8 30. Ke3 Be6 0-1

[Event "Canadian Open ch 2007"]
[Site "Ottawa CAN"]
[Date "2007.07.09"]
[Round "4"]
[White "Bao Trinh, Tri"]
[Black "Barron, Michael"]
[Result "1-0"]
[WhiteElo "2057"]
[BlackElo "2333"]
[PlyCount "81"]
[EventDate "2007.07.07"]
[EventType "swiss"]
[EventRounds "9"]
[EventCountry "CAN"]
[Source "lmi"]
[SourceDate "2007.07.07"]

1. c4 f5 2. Nc3 Nf6 3. g3 g6 4. Bg2 Bg7 5. Nf3 d6 6. O-O e5 7. d3 Nc6 8. Bg5 h6
9. Bxf6 Bxf6 10. Rb1 a5 11. a3 O-O 12. Nd2 Nd4 13. e3 Ne6 14. b4 axb4 15. axb4
f4 16. Nd5 Bg7 17. b5 Ra3 18. Be4 Nc5 19. Bxg6 c6 20. Qc1 cxd5 21. Qxa3 Qg5 22.
d4 Qxg6 23. dxc5 f3 24. cxd5 e4 25. Qb4 Bf5 26. c6 Qg4 27. Kh1 b6 28. Qxd6 Qh3
29. Rg1 Bg4 30. Qe7 Rf5 31. Qh4 Rxd5 32. Nxe4 Kf7 33. Qxh3 Bxh3 34. Rgd1 Re5
35. Nd6+ Ke7 36. Nc4 Rc5 37. Nxb6 Rc2 38. Kg1 h5 39. Nd5+ Kf7 40. Nf4 Bg4 41.
Rdc1 1-0

[Event "Canadian Open ch 2007"]
[Site "Ottawa CAN"]
[Date "2007.07.09"]
[Round "4"]
[White "Reeve, Jeff"]
[Black "Thorvardson, Barry"]
[Result "1-0"]
[WhiteElo "2344"]
[BlackElo "1893"]
[PlyCount "91"]
[EventDate "2007.07.07"]
[EventType "swiss"]
[EventRounds "9"]
[EventCountry "CAN"]
[Source "lmi"]
[SourceDate "2007.07.07"]

1. e4 c5 2. Nc3 a6 3. g3 b5 4. Bg2 b4 5. Nce2 Bb7 6. d3 e5 7. f4 h5 8. Nf3 exf4
9. Bxf4 Be7 10. Qd2 Nc6 11. O-O-O a5 12. d4 c4 13. d5 Na7 14. d6 Bf8 15. Nfd4
Qb6 16. Nf5 b3 17. a3 bxc2 18. Qxc2 g6 19. Be3 Bh6 20. Nf4 Bxf4 21. gxf4 Qb3
22. Bd4 f6 23. Nh4 Kf7 24. e5 Qxc2+ 25. Kxc2 Bxg2 26. Nxg2 Nb5 27. Ne3 Nh6 28.
a4 Nxd4+ 29. Rxd4 fxe5 30. fxe5 Ke6 31. Nxc4 Rhf8 32. Re1 Rac8 33. b3 Rc5 34.
Re2 g5 35. b4 axb4 36. Kb3 Nf5 37. Rde4 Rb8 38. a5 Kd5 39. Nb6+ Kc6 40. Kxb4 g4
41. Rf2 Nh4 42. Rf7 Rc1 43. Rc4+ Rxc4+ 44. Kxc4 Nf3 45. Nxd7 Rd8 46. Nb8+ 1-0

[Event "Canadian Open ch 2007"]
[Site "Ottawa CAN"]
[Date "2007.07.09"]
[Round "4"]
[White "Day, Lawrence"]
[Black "Sadeghi, Saeid"]
[Result "1-0"]
[WhiteElo "2320"]
[BlackElo "2059"]
[PlyCount "87"]
[EventDate "2007.07.07"]
[EventType "swiss"]
[EventRounds "9"]
[EventCountry "CAN"]
[Source "lmi"]
[SourceDate "2007.07.07"]

1. e4 e6 2. Qe2 c5 3. f4 Nc6 4. Nf3 d6 5. c3 d5 6. exd5 Qxd5 7. g3 Nf6 8. Bg2
Be7 9. Na3 Qd8 10. Nc2 O-O 11. Ne5 Qc7 12. O-O Bd7 13. b3 Bd6 14. Nc4 Be7 15.
Bb2 Nd5 16. Ne5 Nxe5 17. fxe5 Bc6 18. c4 Nb6 19. Bh3 Rad8 20. Rad1 Nc8 21. Bc3
a6 22. a4 Na7 23. a5 b6 24. axb6 Qxb6 25. Rb1 Ba8 26. Bg2 Nc6 27. h4 Nd4 28.
Bxd4 cxd4 29. Qd3 f6 30. exf6 Bxf6 31. Bf3 Bxf3 32. Rxf3 Qb7 33. Re1 Qd7 34.
Kg2 Rde8 35. Qe4 e5 36. Nb4 Be7 37. Rxf8+ Rxf8 38. Nxa6 Qa7 39. Qxe5 Bxh4 40.
Qe6+ Kh8 41. gxh4 Qb7+ 42. Re4 Qxb3 43. Qf7 Rg8 44. Re8 1-0

[Event "Canadian Open ch 2007"]
[Site "Ottawa CAN"]
[Date "2007.07.09"]
[Round "4"]
[White "Aniag, Danilo"]
[Black "Voloaca, Mihnea"]
[Result "1-0"]
[WhiteElo "1956"]
[BlackElo "2313"]
[PlyCount "69"]
[EventDate "2007.07.07"]
[EventType "swiss"]
[EventRounds "9"]
[EventCountry "CAN"]
[Source "lmi"]
[SourceDate "2007.07.07"]

1. d4 d5 2. c4 e6 3. Nc3 c6 4. e3 Nf6 5. Nf3 Nbd7 6. Bd3 dxc4 7. Bxc4 b5 8. Bd3
Bb7 9. O-O a6 10. e4 c5 11. d5 c4 12. Bc2 Qc7 13. dxe6 fxe6 14. Ng5 Nc5 15. e5
Qc6 16. f3 Nfd7 17. Qe2 g6 18. Nxh7 Rxh7 19. Bxg6+ Rf7 20. Bg5 Be7 21. f4 b4
22. Bxf7+ Kd8 23. Nd1 Nd3 24. Ne3 Qe4 25. Bxe6 Bxg5 26. fxg5 N7xe5 27. Rad1 Kc7
28. Bxc4 Nf4 29. Rxf4 Qxf4 30. Nd5+ Bxd5 31. Bxd5 Rh8 32. h3 a5 33. Qf2 Qxg5
34. Qc5+ Kd7 35. Bf7+ 1-0

[Event "Canadian Open ch 2007"]
[Site "Ottawa CAN"]
[Date "2007.07.09"]
[Round "4"]
[White "Cliff, Scott"]
[Black "Critelli, James"]
[Result "0-1"]
[WhiteElo "2071"]
[BlackElo "2264"]
[PlyCount "48"]
[EventDate "2007.07.07"]
[EventType "swiss"]
[EventRounds "9"]
[EventCountry "CAN"]
[Source "lmi"]
[SourceDate "2007.07.07"]

1. d4 Nf6 2. c4 e6 3. Nc3 Bb4 4. Qc2 O-O 5. a3 Bxc3+ 6. Qxc3 b6 7. Bg5 Bb7 8.
f3 d5 9. e3 Nbd7 10. Bd3 h6 11. Bh4 c5 12. Ne2 cxd4 13. exd4 Rc8 14. Qb3 e5 15.
cxd5 exd4 16. Bf5 g5 17. Bf2 Qe7 18. Bxd4 Rfe8 19. Qd1 Ba6 20. Bd3 Bxd3 21.
Qxd3 Nxd5 22. g3 Nc5 23. Bxc5 Qxc5 24. b4 Qc3+ 0-1

[Event "Canadian Open ch 2007"]
[Site "Ottawa CAN"]
[Date "2007.07.09"]
[Round "4"]
[White "Peev, Pavel"]
[Black "Gordon, David"]
[Result "1/2-1/2"]
[WhiteElo "2029"]
[BlackElo "2275"]
[PlyCount "94"]
[EventDate "2007.07.07"]
[EventType "swiss"]
[EventRounds "9"]
[EventCountry "CAN"]
[Source "lmi"]
[SourceDate "2007.07.07"]

1. e4 c5 2. Nf3 Nc6 3. d4 cxd4 4. Nxd4 Nf6 5. Nc3 e5 6. Ndb5 d6 7. Bg5 a6 8.
Na3 b5 9. Nd5 Be7 10. Bxf6 Bxf6 11. c3 Bg5 12. Nc2 O-O 13. h4 Bh6 14. g4 Bf4
15. Qf3 Be6 16. Bd3 Rb8 17. g5 Qd7 18. Qg2 a5 19. a3 Ne7 20. Nce3 Bxe3 21. fxe3
Bxd5 22. exd5 f5 23. gxf6 Rxf6 24. Qe4 Qf5 25. Qxf5 Nxf5 26. Bxf5 Rxf5 27. Ke2
e4 28. Rad1 b4 29. axb4 axb4 30. c4 b3 31. Rhf1 Rxf1 32. Rxf1 Rc8 33. Rc1 Kf7
34. Kd2 Kg6 35. Kc3 Rb8 36. Rf1 Kh5 37. Rf4 g5 38. hxg5 Kxg5 39. Rxe4 h5 40.
Re7 h4 41. Rh7 Kg4 42. e4 h3 43. Rg7+ Kf3 44. Rf7+ Kg2 45. Rg7+ Kf2 46. Rh7 Kg2
47. Rg7+ Kf3 1/2-1/2